书目信息 |
| 题名: |
连锁百货经营管理理论与实务
|
|
| 作者: | 郁义鸿 , 魏立平 , 于立宏 著 | |
| 分册: | ||
| 出版信息: | 北京 中国经济出版社 2008.03 |
|
| 页数: | 290页 | |
| 开本: | 24cm | |
| 丛书名: | ||
| 单 册: | ||
| 中图分类: | F717.5 | |
| 科图分类: | ||
| 主题词: | 百货商店--bai huo shang dian--连锁商店--商业经营--研究 | |
| 电子资源: | ||
| ISBN: | 978-7-5017-5306-2 | |
| 000 | 01063nam0 2200289 450 | |
| 001 | 012008614269 | |
| 005 | 20080605113201.78 | |
| 010 | @a978-7-5017-5306-2@dCNY39.80 | |
| 100 | @a20080605d2008 em y0chiy0120 ea | |
| 101 | 0 | @achi |
| 102 | @aCN@b110000 | |
| 105 | @aak a 000yy | |
| 106 | @ar | |
| 200 | 1 | @a连锁百货经营管理理论与实务@Alian suo bai huo jing ying guan li li lun yu shi wu@f郁义鸿, 魏立平, 于立宏著@Fyu yi hong,wei li ping,yu li hong zhu |
| 210 | @a北京@c中国经济出版社@d2008.03 | |
| 215 | @a290页@c图@d24cm | |
| 312 | @a英文并列题名取自封面 | |
| 320 | @a有书目 (第287-290页) | |
| 330 | @a本书对连锁百货的经营管理模式进行系统深入的分析探讨,从理论和实务两方面对这种经营管理模式的种种特征及操作要点展开全面讨论。 | |
| 510 | 1 | @aChain department stores@zeng |
| 606 | 0 | @a百货商店@Abai huo shang dian@x连锁商店@x商业经营@x研究 |
| 690 | @aF717.5@v4 | |
| 701 | 0 | @a郁义鸿@Ayu yi hong@4著 |
| 701 | 0 | @a魏立平@Awei li ping@4著 |
| 701 | 0 | @a于立宏@Ayu li hong@4著 |
| 801 | 0 | @aCN@bQSSK@c20080605 |
| 905 | @b725067-68@dF717.5@eY848@f2 | |
| 连锁百货经营管理理论与实务/郁义鸿, 魏立平, 于立宏著.-北京:中国经济出版社,2008.03 |
| 290页:图;24cm |
| ISBN 978-7-5017-5306-2:CNY39.80 |
| 本书对连锁百货的经营管理模式进行系统深入的分析探讨,从理论和实务两方面对这种经营管理模式的种种特征及操作要点展开全面讨论。 |
| ● |
| 相关链接 |
|
|
|
正题名:连锁百货经营管理理论与实务
索取号:F717.5/Y848
 
预约/预借
| 序号 | 登录号 | 条形码 | 馆藏地/架位号 | 状态 | 备注 |
| 1 | 725067 | 207250678 | 社科库409/409社科库 45排7列4层/ [索取号:F717.5/Y848] | 在馆 | |
| 2 | 725068 | 207250687 | 社科库409/409社科库 45排7列4层/ [索取号:F717.5/Y848] | 在馆 |